La diversificación como estrategia empresarial : el conglomerado multinacional /
Guardado en:
| Autor Principal: | |
|---|---|
| Formato: | Libro |
| Idioma: | Spanish |
| Publicado: |
Madrid :
Pirámide,
1977.
|
| Series: | Ciencias empresariales.
|
| Materias: | |
| Etiquetas: |
Agregar Etiqueta
Sin Etiquetas, Sea el primero en etiquetar este registro!
|
| LEADER | 00797nam a22002055 4500 | ||
|---|---|---|---|
| 001 | EAD.ead003003 | ||
| 008 | 080718s1977####sp#######b####000#0#spa#d | ||
| 005 | 20111026112619.0 | ||
| 245 | 1 | 3 | |a La diversificación como estrategia empresarial : |b el conglomerado multinacional / |c Juan J. Durán Herrera ; prólogo Leandro Cañibano Calvo. |
| 260 | |a Madrid : |b Pirámide, |c 1977. | ||
| 300 | |a 271 p. ; |c 23 cm. | ||
| 490 | 1 | |a Economía y ciencias empresariales | |
| 504 | |a Incluye referencias bibliográficas. | ||
| 020 | |a 8436800699 | ||
| 100 | 1 | |a Durán Herrera, Juan J. | |
| 830 | 0 | |a Ciencias empresariales. | |
| 082 | 0 | 4 | |a 658.18 |2 21 |
| 650 | 7 | |a Empresas conglomeradas. |2 unbist | |
| 650 | 7 | |a Fusiones y adquisiciones de la empresa. |2 unbist | |
| 859 | |a AR-BaBDC |b BIB. ADMINISTRACION - Libros |h 658.18 |i D931 |p b02155 | ||
